000 01734nam a2200457 i 4500
001 44656
003 FINmELB
005 20241216231631.0
006 m o d |
007 cr cnu||||||||
008 211026s2021 mx o 001 0 spa d
020 _a9786076295854
_q(print)
020 _a9786076296455
_q(e-book)
035 _a(OCoLC)1285723939
040 _aFINmELB
_bspa
_erda
_cFINmELB
050 4 _aKGF1789
_bP348 2021
080 _a349.2
082 0 4 _a344.7201
_223
100 1 _aPérez Chávez, José,
_eautor.
245 1 0 _aCompedio Laboral :
_bcorrelacionado artículo por artículo. Tomo I-II /
_cJosé Pérez Chávez, Raymundo Fol Olguín.
250 _asegunda edición.
264 1 _aCiudad de México :
_bTax Editores Unidos,
_c2021.
300 _a1 recurso en línea (1793 páginas)
336 _atexto
_btxt
_2rdacontent/spa
337 _acomputadora
_bc
_2rdamedia/spa
338 _arecurso en línea
_bcr
_2rdacarrier/spa
500 _aIncluye índice.
500 _aSubtítulo obtenido de la portada.
588 _aDescripción basada en metadatos suministrados por el editor y otras fuentes.
590 _aRecurso electrónico. Santa Fe, Arg.: elibro, 2021. Disponible vía World Wide Web. El acceso puede estar limitado para las bibliotecas afiliadas a elibro.
650 0 _aLabor laws and legislation
_zMexico.
650 4 _aDerecho Laboral
_zMéxico.
655 4 _aLibros electrónicos.
700 1 _aCampero Guerrero, Eladio,
_eautor.
700 1 _aFol Oguín, Raymundo,
_eautor.
797 2 _aelibro, Corp.
856 4 0 _uhttps://elibro.net/ereader/politecnicointernacional/175118
999 _c44656
_d44656